000 00426nam a2200169 a 4500
001 0000-9142
003 ELIB.Books
008 110520 1996
035 _a(ELIB.Books)0000-9294
082 _a232
_bSpa
100 _aSparks, T. Austin
245 _aUnion with Christ
260 _bPensacola: Testimony Book Ministry
_c1996
650 _aJesus Christ
942 _2ddc
_cBK
998 _cbat
_e2011-05-20
999 _c9142
_d9142